UBT Library

The Hudson River and its painters, (Record no. 45030)

000 -LEADER
fixed length control field 00611cam a2200229 4500
001 - CONTROL NUMBER
control field 785160
005 - DATE AND TIME OF LATEST TRANSACTION
control field 20180314085650.0
008 - FIXED-LENGTH DATA ELEMENTS--GENERAL INFORMATION
fixed length control field 720620s1972 nyua 001 0 eng
010 ## - LIBRARY OF CONGRESS CONTROL NUMBER
LC control number 73184065
020 ## - INTERNATIONAL STANDARD BOOK NUMBER
International Standard Book Number 0670385581
040 ## - CATALOGING SOURCE
Original cataloging agency DLC
Transcribing agency DLC
Modifying agency DLC
041 ## - LANGUAGE CODE
Language code of text/sound track or separate title eng
043 ## - GEOGRAPHIC AREA CODE
Geographic area code n-us---
080 ## - UNIVERSAL DECIMAL CLASSIFICATION NUMBER
Universal Decimal Classification number 758.10973 HOW
082 00 - DEWEY DECIMAL CLASSIFICATION NUMBER
Classification number 758.10973 HOW
Edition number 19
100 1# - Rafti
Rafti 44
101 ## - Shkurtesa
Shkurtesa ART
245 14 - TITLE STATEMENT
Title The Hudson River and its painters,
Statement of responsibility, etc by John K. Howat. Pref. by James Biddle. Foreword by Carl Carmer.
350 ## - PRICE (NR) (BK AM CF MU VM SE) [OBSOLETE]
Price $25.00
906 ## - LOCAL DATA ELEMENT F, LDF (RLIN)
a 7
b cbc
c orignew
d 2
e ncip
f 19
g y-gencatlg
942 ## - ADDED ENTRY ELEMENTS (KOHA)
Source of classification or shelving scheme
Item type Books
Holdings
Withdrawn status Lost status Source of classification or shelving scheme Damaged status Not for loan Collection code Permanent location Current location Shelving location Date acquired Total Checkouts Full call number Barcode Date last seen Price effective from Koha item type
          Koleksioni i përgjithshem UBT - Lipjan UBT - Lipjan Koleksioni i përgjithshem 03/14/2018   758.10973 HOW 002-3001801 03/14/2018 03/14/2018 Books
UBT Library © 2015-2024. All rights reserved University Education for Business and Technology